Normal view MARC view
  • Ray, M

Entry Personal Name

Number of records used in: 1

001 - CONTROL NUMBER

  • control field: 83773

003 - CONTROL NUMBER IDENTIFIER

  • control field: NUST

005 - DATE AND TIME OF LATEST TRANSACTION

  • control field: 20211110121837.0

008 - FIXED-LENGTH DATA ELEMENTS

  • fixed length control field: 211110|| aca||aabn | a|a d

040 ## - CATALOGING SOURCE

  • Original cataloging agency: NUST
  • Transcribing agency: NUST

100 ## - HEADING--PERSONAL NAME

  • Personal name: Ray, M

670 ## - SOURCE DATA FOUND

  • Source citation: Work cat.: (NUST)33660: Ray, M., A Textbook on Dynamics /, 2015.
© 2023 Central Library, National University of Sciences and Technology. All Rights Reserved.